000 00633nam a22001937a 4500
999 _c11122
_d11122
003 AR-CdUCM
008 190402b ||||| |||| 00| 0 spa d
040 _aMUNICIPALIDAD PROVINCIAL DEL CUSCO
_cBIBLIOTECA MUNICIPAL DEL CUSCO
082 _aEP /398.25 /
_bR81
100 _aYauri Montero, Marcos
_96038
245 _aAventuras del Zorro :
_bCuentos tradicionales ancashinos para niños /
260 _aLima :
_bEdit. Bruño,
300 _a18 paginas ;
_bIlustraciones,
_c28 cm.
505 _aContenido :Cuento Infantil /
650 _aEducación primaria
_91561
650 _aCuento
_94671
942 _2ddc
_cLIBROS
945 _arjall